私立大学の附属校・系属校 - Statistics

General Stats
  • This quiz has been taken 268 times
  • The average score is 13 of 29
Answer Stats
大学 運営 共・別 名称 % Correct
早稲田大学 系属校 男子校 早稲田中学校・高等学校
98%
早稲田大学 系属校 共学 早稲田実業学校
88%
慶應義塾大学 附属校 男子校 慶應義塾高等学校
83%
慶應義塾大学 附属校 女子校 慶應義塾女子高等学校
73%
慶應義塾大学 附属校 男子校 慶應義塾志木高等学校
71%
青山学院大学 附属校 共学 青山学院中等部・高等部
69%
明治大学 附属校 男子校 明治大学付属中野中学・高等学校
68%
早稲田大学 附属校 男子校 早稲田大学高等学院
67%
早稲田大学 附属校 共学 早稲田大学本庄高等学院
65%
早稲田大学 系属校 共学 早稲田佐賀中学校・高等学校
65%
立教大学 附属校 男子校 立教新座中学校・高等学校
65%
慶應義塾大学 附属校 共学 慶應義塾湘南藤沢中等部・高等部
50%
法政大学 附属校 共学 法政大学第二中・高等学校
49%
明治大学 附属校 共学 明治大学付属明治高等学校・中学校
48%
立教大学 附属校 男子校 立教池袋中学校・高等学校
48%
明治大学 附属校 共学 明治大学付属八王子中学・高等学校
44%
早稲田大学 系属校 共学 早稲田摂陵高等学校
41%
中央大学 附属校 共学 中央大学附属中学校・高等学校
38%
中央大学 附属校 共学 中央大学附属横浜中学校・高等学校
31%
慶應義塾大学 附属校 共学 慶應義塾ニューヨーク学院
28%
立教大学 系属校 女子校 立教女学院中学校・高等学校
24%
中央大学 附属校 共学 中央大学杉並高等学校
21%
法政大学 附属校 共学 法政大学国際高等学校
21%
立教大学 附属校 共学 中央大学高等学校
18%
法政大学 附属校 共学 法政大学中学高等学校
17%
早稲田大学 系属校 共学 早稲田渋谷シンガポール校
15%
青山学院大学 系属校 共学 青山学院横浜英和中学校・高等学校
10%
青山学院大学 系属校 共学 浦和ルーテル学院
9%
立教大学 系属校 共学 立教英国学院
4%
No matching quizzes found
Score Distribution
Percent of People with Each Score
Percentile by Number Answered
Your Score History
You have not taken this quiz